Ciencia y acción : (Registro nro. 7413)

Detalles MARC
000 -CABECERA
Campo de control 00800nam a22002537a 4500
005 - FECHA Y HORA DE LA ULTIMA TRANSACCION
Campo de control 20200104041617.0
008 - ELEMENTOS DE LONGITUD FIJA—INFORMACION GENERAL
Campo de control 101222s2010 mx gr 00 0dspa d
020 ## - ISBN
ISBN Cancelado/ Invalidado 9786071601667
041 0# - IDIOMA
Código de idioma para texto/pista de sonido o título separado Español
044 ## - PAÍS DE PUBLICACIÓN
País de publicación México
082 04 - NUMERO DE CLASIFICACION DECIMAL DEWEY
Número de clasificación 501
Número del ítem M321c
100 1# - ASIENTO PRINCIPAL--NOMBRE PERSONAL
Nombre personal Marcos, Alfredo.
245 10 - MENCION DE TITULO
Título Ciencia y acción :
Parte restante del título una filosofía práctica de la ciencia /
Mención de responsabilidad Alfredo Marcos.
260 ## - PUBLICACION, DISTRIBUCION, ETC. (PIE DE IMPRENTA)
Lugar de publicación, distribución, etc. México :
Nombre del editor, distribuidor, etc. Fondo de Cultura Económica,
Fecha de publicación, distribución, etc. 2010.
300 ## - DESCRIPCION FISICA
Extensión 399 p. ;
Dimensiones 18 cm.
490 1# - MENCION DE SERIE
Mención de serie Breviarios del Fondo de Cultura Económica ;
Designación numérica/secuencial del volumen 567
504 ## - NOTA DE BIBLIOGRAFIA, ETC.
Nota de bibliografía Incluye bibliografía.
650 ## - ASIENTO SECUNDARIO DE MATERIA - TERMINO TEMATICO
Término temático o nombre geográfico como elemento de entrada Filosofía de la ciencia.
650 ## - ASIENTO SECUNDARIO DE MATERIA - TERMINO TEMATICO
Término temático o nombre geográfico como elemento de entrada Comunicación científica.
650 ## - ASIENTO SECUNDARIO DE MATERIA - TERMINO TEMATICO
Término temático o nombre geográfico como elemento de entrada Ciencia
650 #4 - ASIENTO SECUNDARIO DE MATERIA - TERMINO TEMATICO
Término temático o nombre geográfico como elemento de entrada Política ambiental
942 ## - ELEMENTOS ADICIONALES (KOHA)
Sistema de clasificación Dewey Decimal Classification
Tipo de ítem
Koha issues (borrowed), all copies 1
949 ## - LOCAL PROCESSING INFORMATION (OCLC)
a
Existencias
Withdrawn status Lost status Sistema de Clasificación Damaged status No para préstamo Colección Inventariado Ubicación Permanente Ubicación actual Fecha de adquisición Fuente de Valor Valor Total Checkouts Número topográfico Inventario / Código de Barras Date last seen Date checked out Ejemplar Price effective from Tipo de material
    Dewey Decimal Classification     General Inventariado 2017 Bogotá Bogotá 22/07/2013 Instituto 39000.00 1 LB 501 M321c 058270 25/09/2014 02/08/2013 ej. 1l 22/07/2013 Libro